Normal view
MARC view
- Wright, Gus
Entry Personal Name
001 - CONTROL NUMBER
- control field: 55955
003 - CONTROL NUMBER IDENTIFIER
- control field: NUST
005 - DATE AND TIME OF LATEST TRANSACTION
- control field: 20210628201605.0
008 - FIXED-LENGTH DATA ELEMENTS
- fixed length control field: 210628|| aca||aabn | a|a d
040 ## - CATALOGING SOURCE
- Original cataloging agency: NUST
- Transcribing agency: NUST
100 ## - HEADING--PERSONAL NAME
- Personal name: Wright, Gus
670 ## - SOURCE DATA FOUND
- Source citation: Work cat.: (NUST): Wright, Gus., Automotive diesel technology, understanding and servicing clean diesel technology, c2013.
